Construction project management planning, scheduling and controlling

Salvato in:
Dettagli Bibliografici
Autore principale: CHITKARA, K. K.
Natura: Libro
Lingua:inglese
Pubblicazione: Tata McGraw Hill Education 2011
Tags: Aggiungi Tag
Nessun Tag, puoi essere il primo ad aggiungerne!!

MARC

LEADER 00000nam a22000007a 4500
008 210126b ||||| |||| 00| 0 eng d
020 |a 978-0-07-068075-3 
100 |a CHITKARA, K. K. 
245 |a Construction project management  |b planning, scheduling and controlling  |c K. K. Chitkara  |g  xix; 771p.; ill 
250 |b  2nd ed. 
260 |b Tata McGraw Hill Education  |c 2011  |d Books  |h New Delhi:   |i 691632  |i 691633   |l TA190 .C43  |m Construction industry – Management 
500 |a “It includes bibliography and index” 
942 |a ddc  |c BK  |e Adekanye I. H.  |f 26/01/2021 
952 |0 0  |1 0  |2 lcc  |4 0  |6 TA0190 C43  |7 0  |9 1819  |a HOL  |b HOL  |c QZ  |d 2021-01-26  |l 0  |o TA190 .C43  |p 2021-5691  |r 2021-01-26 00:00:00  |w 2021-01-26  |y BK 
952 |0 0  |1 0  |2 lcc  |4 0  |6 TA0190 C43  |7 0  |9 1821  |a HOL  |b TL  |c QZ  |d 2021-01-26  |l 0  |o TA190 .C43  |p 2021-5693  |r 2021-01-26 00:00:00  |w 2021-01-26  |y BK 
999 |c 957  |d 957